Pays se terminant par U - Statistiques

Statistiques générales
  • Ce quiz a été pris 530 fois
    493 depuis la dernière actualisation
  • Le résultat moyen est 3 sur 5
Statistiques - réponses
Réponses % Correct
Pérou
73%
Tuvalu
67%
Vanuatu
66%
Nauru
59%
Guinée-Bissau
29%
Aucun quiz correspondant
Distribution des résultats
% des personnes avec chaque résultat
Percentile par nombre de réponses
Votre historique - résultats
Vous n’avez pas pris ce quiz depuis la dernière actualisation